河北省城市 - Statistics

General Stats
  • This quiz has been taken 31 times
  • The average score is 9 of 11
Answers on the Grid
Answers color-coded by a green-red scale on the quiz's grid according to % correct below.
石家庄
唐山
秦皇岛
邯郸
邢台
保定
张家口
承德
沧州
廊坊
衡水
宝鸡
天津
乌海
金昌
汉中
达州
上饶
盐城
张家界
松原
鹤岗
 
Answer Stats
Answer % Correct
石家庄
89%
唐山
89%
秦皇岛
89%
邯郸
89%
保定
89%
邢台
84%
张家口
84%
承德
84%
廊坊
84%
衡水
84%
沧州
79%
No matching quizzes found
Score Distribution
Percent of People with Each Score
Percentile by Number Answered
Your Score History
You have not taken this quiz